000 00857cam a22002411 4500
001 af 48000710
003 DLC
005 20260227110845.0
008 771014s1941 gw bcf 001 0bger c
010 _aaf 48000710
035 _a(OCoLC)3343286
040 _aHarvard Univ. Library
_cNWM
_dOCoLC
_dDLC
042 _apremarc
050 0 0 _aDD247.G7
_bS4
100 1 _aSchmidt, Peter.
245 1 0 _aZwanzig Jahre Soldat Adolf Hitlers,
_bzehn Jahre Gauleiter ; ein Buch von Kampf und Treue.
260 _aKöln,
_bWestdeutscher Beobachter,
_c1941.
300 _a285 p.
_bplates, ports., map.
_c25 cm.
500 _aIncludes addresses, essays and other material by Josef Grohé.
600 1 0 _aGrohé, Josef,
_d1902-
610 2 0 _aNationalsozialistische Deutsche Arbeiter-Partei.
650 0 _aNationalsozialistische Deutsche Arbeiter-Partei. Gau Köhn-Aachen.
999 _c4183
_d4183